Statystyki dla Mapa Europy - Gra w puzzle

Kliknij tutaj aby rozwiązać quiz!

Ogólne statystyki

  • Ten quiz został rozwiązany 11 842 razy
  • Średni wynik to 16 z 69

Odpowiedzi na mapie

Odpowiedzi skodowane kolorowo w zielono-czerwonej skali na mapie do tego quizu, zgodnie z poniższymi procentami.
 

Statystyki odpowiedzi

Odpowiedź% Poprawnych
55%
44%
39%
35%
33%
33%
32%
29%
28%
28%
27%
27%
25%
25%
25%
25%
25%
25%
25%
24%
24%
24%
24%
23%
23%
23%
22%
22%
22%
22%
22%
22%
22%
21%
21%
21%
21%
21%
20%
20%
20%
20%
20%
20%
20%
20%
20%
20%
20%
19%
19%
19%
19%
18%
18%
18%
18%
18%
18%
18%
17%
17%
17%
17%
16%
16%
15%
14%
13%

Rozkład punktacji

Percentyl według liczby udzielonych odpowiedzi

Procent ludzi z każdym wynikiem

Twoja historia wyników

Nie rozwiązałeś tego quizu